New product development using adaptive neural agents in an artificial factory : (Record no. 279)
[ view plain ]
| 000 -LEADER | |
|---|---|
| fixed length control field | 00618nam a22001937a 4500 |
| 008 - FIXED-LENGTH DATA ELEMENTS--GENERAL INFORMATION | |
| fixed length control field | 131112b xxu||||| |||| 00| 0 eng d |
| 020 ## - INTERNATIONAL STANDARD BOOK NUMBER | |
| International Standard Book Number | 3854284330 |
| 041 0# - LANGUAGE CODE | |
| Language code of text/sound track or separate title | eng |
| 080 ## - UNIVERSAL DECIMAL CLASSIFICATION NUMBER | |
| Universal Decimal Classification number | 338.314 |
| 100 1# - Rafti | |
| Rafti | Mild, Andreas |
| 245 10 - TITLE STATEMENT | |
| Title | New product development using adaptive neural agents in an artificial factory : |
| Statement of responsibility, etc | Andreas Mild |
| 260 ## - | |
| -- | Wien : |
| -- | Service Fachverlag ; |
| -- | 2001. |
| 300 ## - | |
| -- | 99 f. : |
| -- | me il. ; |
| -- | 24 cm. |
| 505 ## - | |
| -- | Bibliography : f. 78-86 |
| 505 ## - | |
| -- | Appendix : f. [87] - 99 |
| 650 #0 - | |
| -- | Zhvillimi i produktit |
| 650 #0 - | |
| -- | Produktiviteti industrial |
| 942 ## - ADDED ENTRY ELEMENTS (KOHA) | |
| Source of classification or shelving scheme | |
| Item type | Books |
| Withdrawn status | Lost status | Source of classification or shelving scheme | Damaged status | Not for loan | Collection code | Permanent location | Current location | Shelving location | Date acquired | Total Checkouts | Full call number | Barcode | Date last seen | Koha item type |
|---|---|---|---|---|---|---|---|---|---|---|---|---|---|---|
| Koleksioni i përgjithshem | UBT - Prishtine | UBT - Prishtine | Koleksioni i përgjithshem | 11/12/2013 | 338.314 MIL | 001-000338 | 11/12/2013 | Books | ||||||
| Koleksioni i përgjithshem | UBT - Prishtine | UBT - Prishtine | Koleksioni i përgjithshem | 11/12/2013 | 338.314 MIL | 001-000337 | 11/12/2013 | Books | ||||||
| Koleksioni i përgjithshem | UBT - Prishtine | UBT - Prishtine | Koleksioni i përgjithshem | 11/12/2013 | 338.314 MIL | 001-000336 | 11/12/2013 | Books | ||||||
| Koleksioni i përgjithshem | UBT - Prishtine | UBT - Prishtine | Koleksioni i përgjithshem | 11/12/2013 | 338.314 MIL | 001-000335 | 11/12/2013 | Books |